Hacia una cultura iberoamericana
Saved in:
| Main Authors: | , , |
|---|---|
| Format: | Bog |
| Sprog: | spansk |
| Udgivet: |
Santiago
Difusión Chilena
1950
|
| Fag: | |
| Tags: |
Tilføj Tag
Ingen Tags, Vær først til at tagge denne postø!
|
MARC
| LEADER | 00000nam a2200000 a 4500 | ||
|---|---|---|---|
| 001 | UCP4344 | ||
| 003 | CL-VaPUC | ||
| 008 | 990724e19500000CL |||||||||||||||||spa|d | ||
| 082 | 0 | 4 | |a 306.098 |b ATR |2 21 |
| 100 | 0 | |a Atria, Manuel |e author |9 431805 | |
| 700 | 0 | |a Barahona, Roberto |e author |9 431806 | |
| 700 | 0 | |a Cifuentes, Antonio |e author |9 431807 | |
| 245 | 1 | 0 | |a Hacia una cultura iberoamericana |
| 300 | |a 77 p | ||
| 942 | |c BK | ||
| 945 | |d 19990724 00:00:00 |a crobeson | ||
| 260 | |a Santiago |b Difusión Chilena |c 1950 | ||
| 650 | 0 | |a Cultura |9 269059 | |
| 650 | 0 | |a Historia |9 255047 | |
| 650 | 0 | |a Civilización |9 255823 | |
| 651 | 0 | |a Iberoamérica |9 329125 | |
| 583 | |a last modification |c 19990724 00:00:00 |k Rodrigo Vera | ||
| 999 | |c 282328 |d 282326 | ||
| 952 | |0 0 |1 0 |4 0 |6 306_098000000000000_ATR_1950 |7 0 |8 A |9 323980 |a BIBHIS |b BIBHIS |d 2019-11-20 |i 1353926 |o 306.098 ATR 1950 |p 1353926 |r 2025-01-20 |w 2019-11-20 |y BK |k HIS | ||